000 00523nam a2200205Ia 4500
005 20250425161728.0
008 250425s9999 xx 000 0 und d
041 _aspa
082 _a980.00401
100 _aARTEAGA CALDERON, MARCO
245 0 _aAMÉRICA 500 AÑOS DESPUÉS......
250 _a1A ED.
260 _aEcuador
_bCASA DE LA CULTURA, NUCLEO DEL GUAYAS
_c1992
260 _aGUAYAQUIL
300 _a105
650 _aGRUPOS ETNICOS
650 _aPOBLACIONES INDIGENAS
942 _c01
010 _a26816
999 _c214932
_d214932